00806cam a2200181 a 4500020001500000040000900015082002600024245008900050250001200139260005400151300009600205500005300301500005900354500009100413500002000504650003600524710006400560 a186242019X cFJAE00a910 GEO 1997 A100 Or.00aGetting to know ArcView GIS :bthe geographic information system (GIS) for everyone. a2nd ed. aCambridge :bGeoInformation International,c1997. a1 v. (various pagings) :bcol. ill. ;c23 cm. +e1 computer laser optical disc (4 3/4 in.). a"Discover the world of desktop mapping and GIS." aDeveloped by Environmental Systems Research Institute. aIncludes a trial copy of ArcView GIS version 3 software with data, tutorial and demos. aIncludes index. 0aGeographic information systems.2 aEnvironmental Systems Research Institute (Redlands, Calif.)